书目信息 |
| 题名: |
城市综合体
|
|
| 作者: | 武前波 , 黄杉 著 | |
| 分册: | ||
| 出版信息: | 北京 中国建筑工业出版社 2016.06 |
|
| 页数: | 142页 | |
| 开本: | 26cm | |
| 丛书名: | ||
| 单 册: | ||
| 中图分类: | F299.2 | |
| 科图分类: | ||
| 主题词: | 城市经济--经济发展--研究--中国 | |
| 电子资源: | ||
| ISBN: | 978-7-112-19230-4 | |
| 000 | 01154nam0 2200253 450 | |
| 001 | 0100003928 | |
| 005 | 20190305082720.69 | |
| 010 | @a978-7-112-19230-4@dCNY35.00 | |
| 100 | @a20160721d2016 em y0chiy50 ea | |
| 101 | 0 | @achi |
| 102 | @aCN@b110000 | |
| 105 | @aak z 000yy | |
| 200 | 1 | @a城市综合体@Acheng shi zong he ti@e零售业态演变视角下的消费空间@dUrban complex@econsumptiion space based on the evolution of retail industry@f武前波,黄杉著@zeng |
| 210 | @a北京@c中国建筑工业出版社@d2016.06 | |
| 215 | @a142页@c图@d26cm | |
| 330 | @a本书针对以购物中心为核心业态的商业综合体型或城市综合体开展深入研究,包括空间分布、规模等级、功能业态、运营机制等方面,由此揭示当前大都市空间组织的重要特征及其面临的问题挑战等。 | |
| 510 | 1 | @aUrban complex@econsumptiion space based on the evolution of retail industry@zeng |
| 517 | 1 | @a零售业态演变视角下的消费空间@Aling shou ye tai yan bian shi jiao xia de xiao fei kong jian |
| 606 | 0 | @a城市经济@x经济发展@x研究@y中国 |
| 690 | @aF299.2@v5 | |
| 701 | 0 | @a武前波@Awu qian bo@f(1979-)@4著 |
| 701 | 0 | @a黄杉@Ahuang shan@f(1980-)@4著 |
| 801 | 0 | @aCN@c20171024 |
| 905 | @a河南城建学院图书馆@dF299.2@eW983 | |
| 城市综合体:零售业态演变视角下的消费空间=Urban complex:consumptiion space based on the evolution of retail industry/武前波,黄杉著.-北京:中国建筑工业出版社,2016.06 |
| 142页:图;26cm |
| ISBN 978-7-112-19230-4:CNY35.00 |
| 本书针对以购物中心为核心业态的商业综合体型或城市综合体开展深入研究,包括空间分布、规模等级、功能业态、运营机制等方面,由此揭示当前大都市空间组织的重要特征及其面临的问题挑战等。 |
| ● |
| 相关链接 |
|
|
|
正题名:城市综合体
索取号:F299.2/W983
 
预约/预借
| 序号 | 登录号 | 条形码 | 馆藏地/架位号 | 状态 | 备注 |
| 1 | 1304950 | 213049501 | 社科库409/409社科库 114排2列4层/ [索取号:F299.2/W983] | 在馆 | |
| 2 | 1338288 | 213382882 | 社科库409/409社科库 114排2列4层/ [索取号:F299.2/W983] | 在馆 | |
| 3 | 1338289 | 213382891 | 社科库409/409社科库 114排2列4层/ [索取号:F299.2/W983] | 在馆 |